History of Pakistan Air Force 1999-2013: Entering the new century (Record no. 326578)
[ view plain ]
| 000 -LEADER | |
|---|---|
| fixed length control field | 00498 a2200145 4500 |
| 001 - CONTROL NUMBER | |
| control field | 91505 |
| 003 - CONTROL NUMBER IDENTIFIER | |
| control field | NUST |
| 005 - DATE AND TIME OF LATEST TRANSACTION | |
| control field | 20180120152612.0 |
| 008 - FIXED-LENGTH DATA ELEMENTS--GENERAL INFORMATION | |
| fixed length control field | 180120b xxu||||| |||| 00| 0 eng d |
| 082 ## - DEWEY DECIMAL CLASSIFICATION NUMBER | |
| Classification number | 358.4095491 HAS |
| 100 ## - MAIN ENTRY--PERSONAL NAME | |
| Personal name | Qadeer Ahmad Hashmi, Air Cdre and Forwarded by Tahir Rafique Butt, CAS |
| 9 (RLIN) | 9276 |
| 245 ## - TITLE STATEMENT | |
| Title | History of Pakistan Air Force 1999-2013: Entering the new century |
| Statement of responsibility, etc. | Qadeer Ahmad Hashmi |
| 260 ## - PUBLICATION, DISTRIBUTION, ETC. | |
| Place of publication, distribution, etc. | Islamabad |
| Name of publisher, distributor, etc. | AHQ |
| Date of publication, distribution, etc. | 2014 |
| 300 ## - PHYSICAL DESCRIPTION | |
| Extent | xi, 490 p. |
| Other physical details | Hb |
| 500 ## - GENERAL NOTE | |
| General note | general book |
| 610 ## - SUBJECT ADDED ENTRY--CORPORATE NAME | |
| Corporate name or jurisdiction name as entry element | history PAF 1999-2013 |
| 9 (RLIN) | 9277 |
| 740 ## - ADDED ENTRY--UNCONTROLLED RELATED/ANALYTICAL TITLE | |
| Uncontrolled related/analytical title | PAF history 1999-2013 |
| 942 ## - ADDED ENTRY ELEMENTS (KOHA) | |
| Institution code [OBSOLETE] | PAF Academy Library |
| Koha item type | Book |
| Call number prefix | 358.4095491 HAS |
| Source of classification or shelving scheme | |
| Withdrawn status | Lost status | Damaged status | Not for loan | Collection code | Permanent Location | Current Location | Date acquired | Total Checkouts | Full call number | Barcode | Date last seen | Price effective from | Koha item type |
|---|---|---|---|---|---|---|---|---|---|---|---|---|---|
| College of Aeronautical Engineering (CAE) | College of Aeronautical Engineering (CAE) | 04/03/2017 | 358.4095491 HAS | CAE88074 | 04/05/2017 | 04/05/2017 | Book | ||||||
| College of Aeronautical Engineering (CAE) | College of Aeronautical Engineering (CAE) | 04/03/2017 | 358.4095491 HAS | CAE88075 | 04/05/2017 | 04/05/2017 | Book |
